Acceso abierto a las publicaciones científicas: definición recursos, copyright e impacto
Guardat en:
| Autor principal: | |
|---|---|
| Format: | Text |
| Publicat: |
s.l
|
| Etiquetes: |
Afegir etiqueta
Sense etiquetes, Sigues el primer a etiquetar aquest registre!
|
MARC
| LEADER | 00000 a a2200000 04500 | ||
|---|---|---|---|
| 001 | 36327 | ||
| 003 | |||
| 040 | |||
| 090 | |a 1001 M519a | ||
| 100 | |a Melero, Remedios | ||
| 245 | |a Acceso abierto a las publicaciones científicas: definición recursos, copyright e impacto | ||
| 260 | |a s.l | ||
| 300 | |a pp. 255-266 | ||
| 500 | |a Artículo de la revista El profesional de la información, v. 4, n. 4, julio-agosto 2005 | ||
| 999 | |c 10873 |d 10873 | ||
